Development planning

保存先:
書誌詳細
第一著者: Tinbergen, Jan
フォーマット: 図書
言語:Undetermined
出版事項: London World University Library 1967
主題:
タグ: タグ追加
タグなし, このレコードへの初めてのタグを付けませんか!
Thư viện lưu trữ: Trung tâm Học liệu Trường Đại học Cần Thơ
LEADER 00494nam a2200181Ia 4500
001 CTU_81350
008 210402s9999 xx 000 0 und d
082 |a 309.2 
082 |b T587 
100 |a Tinbergen, Jan 
245 0 |a Development planning 
245 0 |c Jan Tinbergen 
260 |a London 
260 |b World University Library 
260 |c 1967 
650 |a Economic development.,Economic policy 
904 |i Trọng Hải 
980 |a Trung tâm Học liệu Trường Đại học Cần Thơ